Najnovšie technológie garantujú kvalitu
Rozhovor s Katarínou Melasovou, generálnou riaditeľkou bratislavskej spoločnosti Bioclar, o komplexnom čistení odpadových vôd a ich recyklácii modernou technológiu.
Uložené v:
| Hlavný autor: | |
|---|---|
| Ďalší autori: | |
| Médium: | Kapitola |
| Jazyk: | Slovak |
| Predmet: | |
| Tagy: |
Žiadne tagy, Buďte prvý, kto otaguje tento záznam!
|
MARC
| LEADER | 00000naa a2200000 4500 | ||
|---|---|---|---|
| 001 | 0184993 | ||
| 005 | 20231011123600.7 | ||
| 041 | 0 | |a slo | |
| 044 | |a SK | ||
| 245 | 1 | 0 | |a Najnovšie technológie garantujú kvalitu |c Marián Hudec, Katarína Melasová |
| 520 | |a Rozhovor s Katarínou Melasovou, generálnou riaditeľkou bratislavskej spoločnosti Bioclar, o komplexnom čistení odpadových vôd a ich recyklácii modernou technológiu. | ||
| 610 | 2 | 0 | |a rozhovor |
| 610 | 2 | 0 | |a manažéri |
| 610 | 2 | 0 | |a riaditelia |
| 610 | 2 | 0 | |a rozhodovanie manažérske |
| 610 | 2 | 0 | |a vedenie podniku |
| 610 | 2 | 0 | |a vodohospodárstvo |
| 100 | 1 | |a Hudec, Marián | |
| 700 | 1 | |a Melasová, Katarína | |